000 00760nam a2200217 4500
001 174947
003 ES-MaACL
005 20230906215713.0
008 100727s2004 sp af |||| | spa d
080 _a7 González Herranz, Antonio (083.824)
100 1 _aGonzález Herranz, Antonio.
_9143226
245 1 0 _aGonzález
_b: Exposición del 3 al 29 de mayo de 2004 /
_cAntonio González Herranz.
246 3 4 _aAntonio González Herranz
260 _aMadrid :
_bExpo-Arte,
_c[2004]
300 _a24 p. :
_bprincipalmente il. col. ;
_c24 cm.
600 1 4 _aGonzález Herranz, Antonio-
_vExposiciones.
_9143227
655 7 _2tgfbne
_9193628
_aCatálogos de exposiciones
852 _aES-MaACL
_j2281-F-7
942 _2udc
999 _c174947
_d174947